El Estado y el derecho : (Registro nro. 6863)
[ vista simple ]
| 000 -LEADER | |
|---|---|
| fixed length control field | 01078cam a2200289Ii 4500 |
| 003 - CONTROL NUMBER IDENTIFIER | |
| control field | OCoLC |
| 005 - DATE AND TIME OF LATEST TRANSACTION | |
| control field | 20200918131441.0 |
| 008 - FIXED-LENGTH DATA ELEMENTS--GENERAL INFORMATION | |
| fixed length control field | 190904s2001 ck r 000 0 spa d |
| 020 ## - INTERNATIONAL STANDARD BOOK NUMBER | |
| International Standard Book Number | 9789589687949 |
| 040 ## - CATALOGING SOURCE | |
| Original cataloging agency | S3O |
| Transcribing agency | CO-JMCR |
| 041 0# - LANGUAGE CODE | |
| Language code of text/sound track or separate title | spa |
| 082 04 - DEWEY DECIMAL CLASSIFICATION NUMBER | |
| Classification number | 342.861 / |
| Item number | T866e |
| Edition number | 23 |
| 100 1# - MAIN ENTRY--PERSONAL NAME | |
| Personal name | Trujillo Muñoz, Augusto |
| Relator term | autor |
| 9 (RLIN) | 10518 |
| 245 13 - TITLE STATEMENT | |
| Title | El Estado y el derecho : |
| Remainder of title | elementos de teoría constitucional / |
| Statement of responsibility, etc. | Augusto Trujillo Muñoz |
| 250 ## - EDITION STATEMENT | |
| Edition statement | Primera edición |
| 260 ## - PUBLICATION, DISTRIBUTION, ETC. | |
| Place of publication, distribution, etc. | Bogotá : |
| Name of publisher, distributor, etc. | Ediciones Academia Colombiana de Jurisprudencia, |
| Date of publication, distribution, etc. | 2001. |
| 300 ## - PHYSICAL DESCRIPTION | |
| Extent | xvii, 281 páginas ; |
| Dimensions | 17 cm. |
| 490 1# - SERIES STATEMENT | |
| Series statement | Colección portable |
| 500 ## - GENERAL NOTE | |
| General note | Colección Luis Fernando Álvarez Londoño, S.J. |
| 504 ## - BIBLIOGRAPHY, ETC. NOTE | |
| Bibliography, etc. note | Incluye referencias bibliográficas (páginas [271]-281). |
| 505 0# - FORMATTED CONTENTS NOTE | |
| Formatted contents note | Teoría del derecho -- Teoría del estado -- Teoría de la constitución -- Teoría de la democracia |
| 650 14 - SUBJECT ADDED ENTRY--TOPICAL TERM | |
| Topical term or geographic name entry element | Derecho constitucional |
| 9 (RLIN) | 10519 |
| 650 24 - SUBJECT ADDED ENTRY--TOPICAL TERM | |
| Topical term or geographic name entry element | Estado |
| 9 (RLIN) | 10520 |
| 650 24 - SUBJECT ADDED ENTRY--TOPICAL TERM | |
| Topical term or geographic name entry element | Teoría del derecho |
| 9 (RLIN) | 7948 |
| 650 24 - SUBJECT ADDED ENTRY--TOPICAL TERM | |
| Topical term or geographic name entry element | Filosofía del derecho |
| 9 (RLIN) | 7925 |
| 942 ## - ADDED ENTRY ELEMENTS (KOHA) | |
| Source of classification or shelving scheme | Dewey Decimal Classification |
| Koha item type | Books |
| Withdrawn status | Lost status | Source of classification or shelving scheme | Damaged status | Not for loan | Home library | Current library | Shelving location | Date acquired | Source of acquisition | Total Checkouts | Full call number | Barcode | Date last seen | Copy number | Price effective from | Koha item type |
|---|---|---|---|---|---|---|---|---|---|---|---|---|---|---|---|---|
| Dewey Decimal Classification | Biblioteca Pública José María del Castillo y Rada | Biblioteca Pública José María del Castillo y Rada | General Stacks | 04/15/2018 | Donación | 342.861 / T866e | 201809788 | 05/16/2024 | Ej.1 | 04/15/2018 | Books |